Guide to Departmental Promotions, Enquiries, Punishments & Appeals Foreword by S.D. Singh (Record no. 1174436)

MARC details
000 -LEADER
fixed length control field 00989nam a2200265Ia 4500
003 - CONTROL NUMBER IDENTIFIER
control field OSt
005 - DATE AND TIME OF LATEST TRANSACTION
control field 20221007100651.0
008 - FIXED-LENGTH DATA ELEMENTS--GENERAL INFORMATION
fixed length control field 221006b |||||||| |||| 00| 0 eng d
037 ## - SOURCE OF ACQUISITION
Terms of availability Textual
040 ## - CATALOGING SOURCE
Original cataloging agency LCO
Transcribing agency LCO
Language of cataloging eng
041 ## - LANGUAGE CODE
Source of code eng
Language code of text/sound track or separate title eng
100 ## - MAIN ENTRY--PERSONAL NAME
Personal name Bhatnagar A.S.
9 (RLIN) 99477
245 #0 - TITLE STATEMENT
Title Guide to Departmental Promotions, Enquiries, Punishments & Appeals Foreword by S.D. Singh
250 ## - EDITION STATEMENT
Edition statement 4th
260 ## - PUBLICATION, DISTRIBUTION, ETC.
Place of publication, distribution, etc. Allahabad
Name of publisher, distributor, etc. Orient Law House India
Date of publication, distribution, etc. 1983
300 ## - PHYSICAL DESCRIPTION
Extent 544
500 ## - GENERAL NOTE
General note Being up-to-date, Lucid and Exhaustive Commentaries on The Central Civil Services Classification, Control and Appeal Rules, 1965 and Allied Service Matters with the Departmental Inquires (Enforcement of Attendance of Witnesses and Production of Documents) Act, 1972
650 ## - SUBJECT ADDED ENTRY--TOPICAL TERM
Topical term or geographic name entry element PROMOTIONS
9 (RLIN) 701953
942 ## - ADDED ENTRY ELEMENTS (KOHA)
Classification part X9V:95, M3
Koha item type Textual
Holdings
Withdrawn status Lost status Damaged status Not for loan Home library Current library Date acquired Total Checkouts Full call number Barcode Date last seen Price effective from Koha item type
        Law Centre-I Library Law Centre-I Library 2022-10-07   X9V:95 M3 LO0632824 2022-10-07 2022-10-07 Textual
Copyright @ Delhi University Library System